000
00250nam a2200097Ia 4500
001
653907
005
20250826154507.0
008
250824s9999 xx 000 0 und d
245
0
_a
BAŞARI ÖYKÜLERİ
_c
MURAT ÇİFTKAYA
260
_b
GENÇ HAYAT YAYINLARI
999
_c
653907
_d
653907